| 000 | 00750nam a2200313Ia 4500 | ||
|---|---|---|---|
| 008 | 190123s9999 xx 000 0 und d | ||
| 020 | _a9780545627733 | ||
| 050 | _bS859 2013 | ||
| 100 | _aStine, R.L. | ||
| 245 | 0 | _aCreature teacher : | |
| 245 | 4 | _bthe final exam / | |
| 245 | 0 | _cby R.L. Stine. | |
| 260 | _aNew York, New York : | ||
| 260 | _bScholastic, | ||
| 260 | _c2013 | ||
| 300 | _a133 pages : | ||
| 300 | _bcolored illustrations ; | ||
| 300 | _c19cm. | ||
| 440 | _aGoosebumps : most wanted ; | ||
| 440 | _v6 | ||
| 500 | _a440L | ||
| 650 | _aBirthday parties. | ||
| 650 | _aCamps. | ||
| 650 | _aHorror tales. | ||
| 650 | _aScholarships. | ||
| 650 | _aSelf-realization. | ||
| 700 | _aSeries. | ||
| 700 | _aTitle. | ||
| 999 |
_c361092 _d361092 |
||